Großstädte der Schweiz - Statistiken

Allgemein
  • Dieses Quiz wurde 276 mal gespielt
  • Das Durchschnittsergebnis liegt bei 6 aus 6
Antwortstatistiken
Kanton Einwohner Stadt % Korrekt
Basel-Stadt 178 k Basel
100%
Bern 134 k Bern
100%
Genf 202 k Genf
100%
Zürich 415 k Zürich
100%
Waadt 139 k Lausanne
82%
Zürich 112 k Winterthur
72%
Keine übereinstimmenden Quizze gefunden
Verteilung der Resultate
Anzahl Personen mit jedem Resultat
Perzentil nach korrekt beantworteten Fragen
Ihre Resultats-Entwicklung
Sie haben dieses Quiz noch nicht gespielt